Pokémon - Les attaques de Incisache - Statistiques

Statistiques générales
  • Ce quiz a été pris 9 fois
  • Le résultat moyen est 14 sur 18
Statistiques - réponses
Niveaux Types Noms des attaques % Correct
Niveau 46 Dragon Colère
100%
Niveau 36 Dragon Draco-Choc
100%
Niveau 18 Dragon Draco-Griffe
100%
Départ Normal Griffe
100%
Départ Normal Groz'Yeux
100%
Niveau 30 Dragon Abattage
83%
Niveau 27 Dragon Danse Draco
83%
Niveau 56 Normal Giga Impact
83%
Niveau 24 Ténèbres Mâchouille
83%
Départ Ténèbres Morsure
83%
Niveau 9 Ténèbres Assurance
67%
Niveau 41 Normal Danse Lames
67%
Niveau 21 Normal Grimace
67%
Niveau 33 Normal Puissance
67%
Niveau 15 Normal Tranche
67%
Niveau 12 Ténèbres Provoc
50%
Départ Normal Faux-Chage
33%
Niveau 51 Normal Guillotine
33%
Aucun quiz correspondant
Distribution des résultats
% des personnes avec chaque résultat
Percentile par nombre de réponses
Votre historique - résultats
Vous n’avez pas pris ce quiz